Library Banner

Introduction to topology (Record no. 83770)

MARC details
000 -LEADER
fixed length control field 00459nam a2200193Ia 4500
001 - CONTROL NUMBER
control field 71420
008 - FIXED-LENGTH DATA ELEMENTS--GENERAL INFORMATION
fixed length control field 160226s9999 xx 000 0 und d
020 ## - INTERNATIONAL STANDARD BOOK NUMBER
International Standard Book Number 9780486663524
040 ## - CATALOGING SOURCE
Transcribing agency PK-LaUMT
082 ## - DEWEY DECIMAL CLASSIFICATION NUMBER
Classification number 514
Item number MEN-I
100 ## - MAIN ENTRY--PERSONAL NAME
Personal name Mendelson, Bert
245 ## - TITLE STATEMENT
Title Introduction to topology
Statement of responsibility, etc Mendelson, Bert
250 ## - EDITION STATEMENT
Edition statement 3rd
260 ## - PUBLICATION, DISTRIBUTION, ETC. (IMPRINT)
Place of publication, distribution, etc New York,USA:
Name of publisher, distributor, etc Dell Publishing,
Date of publication, distribution, etc 1990
300 ## - PHYSICAL DESCRIPTION
Extent 206 p.
546 ## - LANGUAGE NOTE
Language note EN
650 ## - SUBJECT ADDED ENTRY--TOPICAL TERM
Topical term or geographic name as entry element Topology
942 ## - ADDED ENTRY ELEMENTS (KOHA)
Koha item type Books
Holdings
Withdrawn status Lost status Damaged status Not for loan Home library Current library Date acquired Total Checkouts Full call number Barcode Date last seen Date checked out Price effective from Koha item type
        UMT Main Campus UMT Main Campus 2016-02-26 7 514 MEN-I 98003 2024-10-28 2024-10-14 2016-02-26 Books